Регионална библиотека "Любен Каравелов" - Русе

Пепеляшка (Запис номер 135041)

MARC детайли
000 -Лидер
Контролно поле с фиксирана дължина 01806nam a2200397 c 4500
003 - Код на организацията, давaща контролен номер
Контролно поле BLK
005 - Дата и час на последна редакция
Контролно поле 20240706005357.0
008 - Елементи от данни с фиксирана дължина
fixed length control field 180409b bul|||||r ||||||| ||bul||
010 ## - Наследен системен номер
LC control number KNG00140962000
020 ## - Международен стандартен номер на книга ISBN
Международен стандартен номер на книга ISBN 978-954-431-577-1
-- издат.: Златното пате
040 ## - Източник на каталожния запис
Идентификатор на билиотеката - собственик на записа BLK
041 ## - Код за език
Код за езика на текст/звукозапис или на отделно заглавие Български
Код за езика КДБФ Български
072 #7 - Код за тематичната категория
Код организация bullib
Код за тематична категория Н85
Текст Детска художествена литература Н
080 ## - УДК
Текстов определител УДК Френска литература
УДК код - определител по УДК 821.133.1
УДК определител -93-91
УДК - код + определител 821.133.1-93-91
100 1# - Редна дума - Автор
Автор Перо, Шарл
Авторска отговорност първи автор
R(LIN) 363365
139 ## - Редно поле
Редна дума Перо, Шарл
Авторски знак Пер - П 37
245 10 - Сведения за заглавието
Заглавие Пепеляшка
Редно поле (дума) Шарл Перо; адапт. Галина Златина; * Галина Йорданова Златарева; худож. Галин Николаев Георгиев; худож. Светлана Ангелова Князева.
257 ## - Страна на издаване
Страна на създаване/издаване Франция
260 ## - Област на издателските данни
-- София
Име на издателя, разпространителя и проч. Златното пате
Година на издаване 2009
Печатница София : Образование и наука
300 ## - Физическа характеристика
Страници 12 с.
Илюстрации и др. с цв. ил.
Размери/Мащаб 33 см
380 ## - Жанр
Жанр Детска худож. лит.
490 1# - СЕРИИ (Колекции)
Име на серия Световна съкровищница
500 ## - Общи забележки
Забележка Галина Златина - псевд. на Галина Йорданова Златарева.
653 ## - Ключова дума – ненормативна
Ключова дума адаптирани книги
659 ## - Тематичен бюлетин
Тематичен бюлетин Н
700 ## - Други автори (авторска отговорност)
Лично име Златарева, Галина Йорданова
Дати, свързани с автора 1954
9 (RLIN) 363759
700 ## - Други автори (авторска отговорност)
Лично име Георгиев, Галин Николаев
9 (RLIN) 368580
700 1# - Други автори (авторска отговорност)
Лично име Князева, Светлана Ангелова
Автороска отговорност (Описва отношението между автора и произведението) худож.
9 (RLIN) 367584
700 ## - Други автори (авторска отговорност)
Лично име Златарева, Галина Йорданова
Дати, свързани с автора 1954
9 (RLIN) 363759
852 ## - Местоположение
Форматна сигнатура Цб ІІ 17738
856 4# - Електронен адрес и достъп
Електронен формат pdf - файл
Път до файла /url/
856 4# - Електронен адрес и достъп
Електронен формат pdf - файл
Път до файла /url/
942 ## - АРТИКУЛИ
Вид на библиотечния материал Книги
Скрит в OPAC Не
944 ## - СЪЗДАВАНЕ И РЕДАКЦИЯ на ЗАПИСА
Създаване/Редакция Създаване
Дата на регистрацията/редакция 18.03.2013
Служител, извършил регистрацията/редакцията
Статус, дата на статуса CRON CRON
944 ## - СЪЗДАВАНЕ И РЕДАКЦИЯ на ЗАПИСА
Създаване/Редакция Редакция
Дата на регистрацията/редакция 06.08.2013
Служител, извършил регистрацията/редакцията
999 ## - СИСТЕМНИ КОНТРОЛНИ НОМЕРА
Koha biblionumber 135041
Koha biblioitemnumber 135041
Наличности
Код за отписване Код за изгубен артикул Код за повреда Коз за рестрикции Код за отдаване Артикулен № Име на библиотеката - собственик Име на библиотеката, в която се намира в момента Статус (Текущо местоположение) Дата на вписване в системата Местоположение - отдел Цена в лева Инвентарен номер Систематично азбучна сигнатура Баркод Номер на екземпляра Цена в евро Служебна бележка Служебен тип на артикула
  Не е изгубен Не е повреден без рестрикции ползва се в читалня 220805 Регионална библиотека "Любен Каравелов" Русе Регионална библиотека "Любен Каравелов" Русе Хранилище 2013-03-15 Хранилище 3.50 120000765104 Цб ІІ 17738 120000765104 1 1.79 Дост: Dp Вид: Д N: 47 Дата: 14.11.2011 Книги
Vip Innovations Ltd, Rousse, Bulgaria 2025